Textbook on the Philippine Constitution / (Record no. 213)

MARC details
000 -LEADER
fixed length control field 00676nam a2200229 4500
003 - CONTROL NUMBER IDENTIFIER
control field OSt
005 - DATE AND TIME OF LATEST TRANSACTION
control field 20240605081152.0
008 - FIXED-LENGTH DATA ELEMENTS--GENERAL INFORMATION
fixed length control field 240605b |||||||| |||| 00| 0 eng d
020 ## - INTERNATIONAL STANDARD BOOK NUMBER
International Standard Book Number 9789712360077
040 ## - CATALOGING SOURCE
Original cataloging agency DWCL-Main lib.
Transcribing agency OC
082 ## - DEWEY DECIMAL CLASSIFICATION NUMBER
Edition number 2011 edition
Classification number Fil. 342 D346t 2011
006 - FIXED-LENGTH DATA ELEMENTS--ADDITIONAL MATERIAL CHARACTERISTICS
fixed length control field a
100 ## - MAIN ENTRY--PERSONAL NAME
Personal name De Leon , Hector S.
245 ## - TITLE STATEMENT
Title Textbook on the Philippine Constitution /
250 ## - EDITION STATEMENT
Edition statement 2011 edition
260 ## - PUBLICATION, DISTRIBUTION, ETC.
Place of publication, distribution, etc. Manila:
Name of publisher, distributor, etc. Rex Book Store,
Date of publication, distribution, etc. c2011.
300 ## - PHYSICAL DESCRIPTION
Extent li,
Other physical details 801 p. ;
Dimensions 22 cm.
650 ## - SUBJECT ADDED ENTRY--TOPICAL TERM
Topical term or geographic name entry element 1. Philippines-Constitutional law.
650 ## - SUBJECT ADDED ENTRY--TOPICAL TERM
Topical term or geographic name entry element 2. Philippines-Constitutions.
700 ## - ADDED ENTRY--PERSONAL NAME
Personal name Hector S. De Leon
942 ## - ADDED ENTRY ELEMENTS (KOHA)
Source of classification or shelving scheme Dewey Decimal Classification
Suppress in OPAC No
Koha item type Book-Filipiniana
Edition 2011 edition
Call number prefix Fil.
Holdings
Withdrawn status Lost status Source of classification or shelving scheme Damaged status Not for loan Home library Current library Shelving location Date acquired Source of acquisition Total Checkouts Full call number Barcode Date last seen Copy number Price effective from Koha item type Uniform Resource Identifier
    Dewey Decimal Classification     College Library College Library Filipiniana 11/16/2011 School Fund   Fil. 342 D346t 2011 48990 06/05/2024 c1 06/05/2024 Book-Filipiniana
    Dewey Decimal Classification     College Library College Library Filipiniana 11/16/2011 School Fund   Fil. 342 D346t 2011 48991 06/05/2024 c2 06/05/2024 Book-Filipiniana
    Dewey Decimal Classification     College Library College Library Filipiniana 11/16/2011 School Fund   Fil. 342 D346t 2011 48992 06/05/2024 c3 06/05/2024 Book-Filipiniana
    Dewey Decimal Classification     College Library College Library Filipiniana 01/06/2014 School Fund   Fil. 342 D346t 2011 50487 06/05/2024 c4 06/05/2024 Book-Filipiniana
    Dewey Decimal Classification     College Library College Library Filipiniana 06/17/2014 Replacement   Fil. 342 D346t 2011 50852 06/05/2024 c5 06/05/2024 Book-Filipiniana